000 00291nam a2200133Ia 4500
008 221030s9999 xx 000 0 und d
041 _aEnglish
082 _a105.23
100 _aM W Meyer
245 0 _aComputer In Your Future
_cby M W Meyer
260 _c0
650 _aMc
942 _cBK
999 _c10604
_d10604